000 00933nam a22002537a 4500
005 20170124103047.0
010 _aA-927931
020 _c80.00
035 _aA-927931
037 _bCen Lib/Ret
040 _aDPL
_bHN
082 _a
_bयोगेश
100 _aयोगेश
_96954
245 _aकंचन मृग /
_cयोगेश
246 _aKanchan mrig
_b by Yogesh
260 _aदिल्ली
_bडायनामिक पब्लिकेशन
_c1998
270 _a3/393,नेहरु गली विश्वास नगर शाहदरा
_bदिल्ली
_e110032
300 _a79पृष्ठ.
_c20सेमी(सजिल्द)
650 _aहिंदी साहित्य
_969290
650 _aहिंदी कहानी
_969291
650 _aHindi literature
_969292
650 _aHindi story
_943117
942 _2ddc
_cHN
_h
_mयोगेश
999 _c116963
_d116963